<?xml version="1.0" encoding="UTF-8"?><?xml-stylesheet type="text/xsl" href="static/style.xsl"?><OAI-PMH xmlns="http://www.openarchives.org/OAI/2.0/" xmlns:xsi="http://www.w3.org/2001/XMLSchema-instance" xsi:schemaLocation="http://www.openarchives.org/OAI/2.0/ http://www.openarchives.org/OAI/2.0/OAI-PMH.xsd"><responseDate>2026-04-17T21:27:29Z</responseDate><request verb="GetRecord" identifier="oai:www.recercat.cat:20.500.12327/1509" metadataPrefix="marc">https://recercat.cat/oai/request</request><GetRecord><record><header><identifier>oai:recercat.cat:20.500.12327/1509</identifier><datestamp>2025-10-22T11:01:37Z</datestamp><setSpec>com_2072_4428</setSpec><setSpec>com_2072_4427</setSpec><setSpec>col_2072_487898</setSpec></header><metadata><record xmlns="http://www.loc.gov/MARC21/slim" xmlns:dcterms="http://purl.org/dc/terms/" xmlns:xsi="http://www.w3.org/2001/XMLSchema-instance" xmlns:doc="http://www.lyncode.com/xoai" xsi:schemaLocation="http://www.loc.gov/MARC21/slim http://www.loc.gov/standards/marcxml/schema/MARC21slim.xsd">
   <leader>00925njm 22002777a 4500</leader>
   <datafield ind2=" " ind1=" " tag="042">
      <subfield code="a">dc</subfield>
   </datafield>
   <datafield ind2=" " ind1=" " tag="720">
      <subfield code="a">Ruiz-Riera, Elisa</subfield>
      <subfield code="e">author</subfield>
   </datafield>
   <datafield ind2=" " ind1=" " tag="720">
      <subfield code="a">Nofrarias, Miquel</subfield>
      <subfield code="e">author</subfield>
   </datafield>
   <datafield ind2=" " ind1=" " tag="720">
      <subfield code="a">Martí-Garcia, Bernat</subfield>
      <subfield code="e">author</subfield>
   </datafield>
   <datafield ind2=" " ind1=" " tag="720">
      <subfield code="a">Domingo, Mariano</subfield>
      <subfield code="e">author</subfield>
   </datafield>
   <datafield ind2=" " ind1=" " tag="720">
      <subfield code="a">Segalés, Joaquim</subfield>
      <subfield code="e">author</subfield>
   </datafield>
   <datafield ind2=" " ind1=" " tag="720">
      <subfield code="a">Vidal, Enric</subfield>
      <subfield code="e">author</subfield>
   </datafield>
   <datafield ind2=" " ind1=" " tag="260">
      <subfield code="c">2021-11-01</subfield>
   </datafield>
   <datafield ind2=" " ind1=" " tag="520">
      <subfield code="a">Background: Serosal inclusion cysts are thin walled-structures located on the peritoneal surface of the uterus, frequently observed as multiple cystic structures in aggregates or grape-like clusters containing a clear, non-viscous fluid. In human and veterinary medicine, they are thought to be developed under hormonal effects, or after manipulation or inflammation of the reproductive tract. However, they have not yet been described in swine.&#xd;
&#xd;
Case presentation: A uterus of a 3-year-old crossbreed sow was condemned at slaughter due to the presence of multiples cystic cavities attached to the serosal surface. Microscopically, multiple cystic dilations emerging from the serosa were lined by a simple and flattened epithelium (cytokeratine positive and vimentin negative on immunohistochemistry) supported by a subepithelial layer of collagen. Grossly and histologically, they were diagnosed as serosal inclusion cysts.&#xd;
&#xd;
Conclusion: To the authors' knowledge, this report represents the first description of serosal inclusion cysts in sows. These lesions should be taken into consideration within the differential diagnostic list of cystic peritoneal lesions such as cystic neoplasms, congenital cysts, and parasitic diseases.</subfield>
   </datafield>
   <datafield ind1="8" ind2=" " tag="024">
      <subfield code="a">Ruiz-Riera, Elisa, Miquel Nofrarias, Bernat Martí-Garcia, Mariano Domingo, Joaquim Segalés, and Enric Vidal. 2021. "A Case Of Uterine Inclusion Cysts In A Sow". Porcine Health Management 7 (1). doi:10.1186/s40813-021-00237-8.</subfield>
   </datafield>
   <datafield ind1="8" ind2=" " tag="024">
      <subfield code="a">2055-5660</subfield>
   </datafield>
   <datafield ind1="8" ind2=" " tag="024">
      <subfield code="a">http://hdl.handle.net/20.500.12327/1509</subfield>
   </datafield>
   <datafield ind1="8" ind2=" " tag="024">
      <subfield code="a">https://doi.org/10.1186/s40813-021-00237-8</subfield>
   </datafield>
   <datafield ind2="0" ind1="0" tag="245">
      <subfield code="a">A case of uterine inclusion cysts in a sow</subfield>
   </datafield>
</record></metadata></record></GetRecord></OAI-PMH>